000 00457nam a2200181Ia 4500
001 18370
005 20260306171625.0
008 260306s9999||||xx |||||||||||||| ||und||
041 _aESP
082 _a658.4034
_bP44
100 _aPérez López, César
_eAUT
245 0 _aInvestigación operativa:
_btécnicas y herramientas
260 _c2013
300 _aix, 197 páginas :
_c24 cm.
650 _aGEN
654 _aCAN
942 _cLIB
_dJUS
_fJUS
_2ddc
_n
999 _c18370
_d18370